logo

Bir Sreshtho Munshi Abdur Rouf Library
Jhenaidah Cadet College

ভাষা-আন্দোলন : শ্রেণীভিক্তি ও রাজনৈতিক প্রবণতাসমূহ / (Record no. 3808)

MARC details
000 -LEADER
fixed length control field 00751nam a2200217 a 4500
001 - CONTROL NUMBER
JCCL Control Number 3808
003 - CONTROL NUMBER IDENTIFIER
JCCL marc code BD-JhCC
005 - DATE AND TIME OF LATEST TRANSACTION
control field 20171118191608.0
008 - FIXED-LENGTH DATA ELEMENTS--GENERAL INFORMATION
fixed length control field 171021s1990 bg |||| ||a| 00| 0 ben d
035 ## - SYSTEM CONTROL NUMBER
system control number (BD-JhCC)
040 ## - CATALOGING SOURCE
Original cataloging agency BD-JhCC
Modifying agency BD-JhCC
041 ## - LANGUAGE CODE
Language code of Book ben
082 ## - DEWEY DECIMAL CLASSIFICATION NUMBER
Classification number 320.014
Author mark and Year AKA 1990
100 ## - MAIN ENTRY--PERSONAL NAME
Personal name আকাশ, এম এম
245 ## - TITLE STATEMENT
Title ভাষা-আন্দোলন : শ্রেণীভিক্তি ও রাজনৈতিক প্রবণতাসমূহ /
Statement of responsibility, etc এম এম আকাশ
260 ## - PUBLICATION, DISTRIBUTION, ETC. (IMPRINT)
Place of publication, distribution, etc ঢাকা :
Name of publisher, distributor, etc ইউনিভার্সিটি প্রেস লিমিটেড,
Date of publication, distribution, etc 1990
300 ## - PHYSICAL DESCRIPTION
Pagination 72 p. :
Dimensions 22 cm.
650 ## - SUBJECT ADDED ENTRY--TOPICAL TERM
Topical term or geographic name as entry element Bengali Language
Geographic subdivision Bangladesh
942 ## - ADDED ENTRY ELEMENTS (KOHA)
Source of classification or shelving scheme Dewey Decimal Classification
Koha item type Books
Holdings
Source of classification or shelving scheme Damaged status Not for loan Home library Current library Shelving location Date of accession Cost, normal purchase price Total Checkouts Full call number Barcode Date last seen Copy number Koha item type
Dewey Decimal Classification     JCC Rouf Library JCC Rouf Library General Stacks 11/18/2017 105.00   320.014 AKA 1990 3848 11/18/2017 C-1 Books

JCC Library | Contacts | JCC Home

Last Update on 23 September 2017
Copyright @ 2017-2020 JCC Rouf Library
Rouf Library, Jhenidah Cadet College (JCC), Bangladesh